000 00984nam a2200229Ia 4500
999 _c52427
_d52427
001 19449
003 GE_BSU
005 20200331133301.0
008 181216s1979||||ge |||||||||||||| ||geo||
040 _cGE_BSU
041 _ageo
080 _a811.353.1'36 ფ-85
100 _aფოცხიშვილი, ალექსანდრე
_97813
245 _aქართული გრამატიკული აზრის ისტორიიდან /
_cალექსანდრე ფოცხიშვილი ; რედ. თ .უთურგაიძე.
264 _aთბილისი :
_bგანათლება,
_c1979.
300 _a375 გვ. ;
_c22 სმ.
541 _h2ლ.80თ.
653 _aქართული გრამატიკული აზრის ისტორია
653 _aქართული ენა
700 _aუთურგაიძე, თ.
_eრედაქტორი
_97216
942 _cBK
_2udc